Histoire de l'art peinture, sculpture, architecture
Salvato in:
| Autore principale: | |
|---|---|
| Altri autori: | , , |
| Natura: | Libro |
| Lingua: | francese |
| Pubblicazione: |
Paris
Hachette Éducation
1995
|
| Soggetti: | |
| Tags: |
Nessun Tag, puoi essere il primo ad aggiungerne!!
|
MARC
| LEADER | 00000nam a2200000 4500 | ||
|---|---|---|---|
| 001 | 0248435 | ||
| 005 | 20240111124753.7 | ||
| 020 | |a 978-2-01-135001-5 | ||
| 041 | 0 | |a fre | |
| 044 | |a FR | ||
| 245 | 1 | 0 | |a Histoire de l'art |b peinture, sculpture, architecture |c Jacek Debicki, Jean-François Favre, Dietrich Grünewald, Antonio Filipe Pimentel |
| 264 | 1 | |a Paris |b Hachette Éducation |c 1995 | |
| 300 | |a 319 s. | ||
| 610 | 2 | 0 | |a jazykoveda |
| 610 | 2 | 0 | |a terminológia |
| 610 | 2 | 0 | |a jazyky cudzie |
| 610 | 2 | 0 | |a francúzština |
| 610 | 2 | 0 | |a umenie |
| 610 | 2 | 0 | |a história |
| 100 | 1 | |a Debicki, Jacek | |
| 700 | 1 | |a Favre, Jean-François | |
| 700 | 1 | |a Grünewald, Dietrich | |
| 700 | 1 | |a Pimentel, Antonio Filipe | |